[Event "HEM 2006 S"]
[Site "Marburg"]
[Date "2006.04.12"]
[Round "6.7"]
[White "Behrendt, Wolfgang"]
[Black "Kicler, Jakob"]
[Result "1/2-1/2"]
[WhiteElo "1801"]
[BlackElo "1638"]
[PlyCount "46"]
[EventDate "2006.04.08"]
[EventType "swiss"]
[EventCountry "GER"]

1. e4 e5 2. d4 exd4 3. Qxd4 Nc6 4. Qe3 Nf6 5. Nc3 Ng4 6. Qg3 d6 7. Bd2 Bd7 8.
O-O-O Be7 9. h4 Bf6 10. f3 Nge5 11. Nd5 Be6 12. Nxf6+ gxf6 13. Kb1 Qe7 14. Qf2
a6 15. Ne2 O-O-O 16. Bc3 f5 17. Nd4 Nxd4 18. Rxd4 Nc6 19. Rd2 Rhg8 20. Bd3 f4
21. Re2 h5 22. a3 Kb8 23. b4 Ne5 1/2-1/2

[Event "HEM 2006 S"]
[Site "Marburg"]
[Date "2006.04.12"]
[Round "6.8"]
[White "Wohlfart, Karl-Heinz"]
[Black "Weber, Siegfried"]
[Result "0-1"]
[WhiteElo "1970"]
[BlackElo "1758"]
[PlyCount "66"]
[EventDate "2006.04.08"]
[EventType "swiss"]
[EventCountry "GER"]

1. Nf3 d6 2. e4 Nd7 3. g3 g6 4. Bg2 Bg7 5. O-O Ngf6 6. Qe2 O-O 7. d4 e5 8. c3
Re8 9. Nbd2 exd4 10. Nxd4 d5 11. Qd3 dxe4 12. Nxe4 Nxe4 13. Bf4 Nec5 14. Qc2 c6
15. Rfe1 Nf6 16. Bg5 Rxe1+ 17. Rxe1 Ne6 18. Nxc6 bxc6 19. Bxc6 Nxg5 20. Bxa8
Bf5 21. Qc1 Nh3+ 22. Kf1 Qxa8 23. Qe3 Qh1+ 24. Ke2 Qe4 25. Qxe4 Nxe4 26. f3 Nd6
27. Rd1 Bf8 28. b3 Nb5 29. Rc1 Ba3 30. Kd2 Bxc1+ 31. Kxc1 Nxc3 32. Kb2 Nd5 33.
a3 a5 0-1

[Event "HEM 2006 S"]
[Site "Marburg"]
[Date "2006.04.12"]
[Round "6.9"]
[White "Hegner, Peter"]
[Black "Ernst, Klaus"]
[Result "0-1"]
[WhiteElo "1645"]
[BlackElo "1596"]
[PlyCount "118"]
[EventDate "2006.04.08"]
[EventType "swiss"]
[EventCountry "GER"]

1. e4 c5 2. Nf3 a6 3. d4 cxd4 4. Nxd4 Nf6 5. Nc3 e5 6. Nb3 Nc6 7. Be2 Be7 8.
Be3 O-O 9. g4 d6 10. Rg1 Be6 11. g5 Ne8 12. Nd5 Bxd5 13. exd5 Nb8 14. Qd3 Nd7
15. h4 g6 16. h5 Kg7 17. Bd2 Rc8 18. hxg6 fxg6 19. Qh3 Rxc2 20. Rh1 Rh8 21.
Qh6+ Kg8 22. Bd3 Rxb2 23. Bxg6 Nf8 24. Bf5 Rxd2 25. Be6+ Nxe6 26. Qxe6+ Kf8 27.
Nxd2 Ng7 28. Qg4 Bxg5 29. Rc1 Kf7 30. Qf3+ Ke7 31. Qb3 Bxd2+ 32. Kxd2 Qd7 33.
Qg3 Kf7 34. Rc3 Ne8 35. Qf3+ Ke7 36. Rh6 Kd8 37. Qh5 Nc7 38. Qg5+ Kc8 39. Qf6
Qd8 40. Qg7 Kb8 41. Rxc7 Qxc7 42. Qxh8+ Ka7 43. Qxh7 Qc5 44. Rh3 Qxf2+ 45. Kd3
Qxa2 46. Ke4 Qc4+ 47. Kf5 Qxd5 48. Qh4 e4+ 49. Kf4 Qe5+ 50. Ke3 d5 51. Qh8 d4+
52. Ke2 Qc5 53. Rh4 d3+ 54. Kd2 Qc2+ 55. Ke3 Qe2+ 56. Kf4 Qb2 57. Kxe4 d2 58.
Rh2 Qc1 59. Kf5 d1=Q 0-1

[Event "HEM 2006 S"]
[Site "Marburg"]
[Date "2006.04.12"]
[Round "6.10"]
[White "Roth, Reinhard"]
[Black "Schmieder, Horst"]
[Result "1-0"]
[WhiteElo "1980"]
[BlackElo "1777"]
[PlyCount "134"]
[EventDate "2006.04.08"]
[EventType "swiss"]
[EventCountry "GER"]

1. e4 c5 2. Nf3 Nc6 3. Bc4 e6 4. O-O a6 5. a4 g6 6. c3 Bg7 7. d3 d6 8. Na3 Nge7
9. Re1 O-O 10. Be3 b6 11. Qd2 d5 12. exd5 exd5 13. Ba2 Nf5 14. Bg5 f6 15. Bf4
Kh8 16. Rad1 g5 17. Bg3 Nxg3 18. hxg3 Bg4 19. Nc2 Ne5 20. Re3 Bh5 21. Rde1
Nxf3+ 22. gxf3 Ra7 23. Kg2 Bg6 24. Rh1 f5 25. Ree1 f4 26. g4 Rd7 27. d4 c4 28.
Nb4 Qc8 29. Bb1 Bxb1 30. Rxb1 h6 31. Rh5 a5 32. Nc2 Kg8 33. Na3 Re7 34. Rhh1
Rfe8 35. Rbe1 Qd7 36. Nb5 Re6 37. Rxe6 Rxe6 38. Re1 Re7 39. Rxe7 Qxe7 40. Qc2
Qf7 41. b3 Bf8 42. bxc4 dxc4 43. Qe4 Kg7 44. Qc6 Qf6 45. Qxc4 Be7 46. Nc7 Kf8
47. Ne6+ Ke8 48. d5 Bc5 49. Nxc5 bxc5 50. Qxc5 Qa6 51. c4 Kd7 52. Qd4 Qa8 53.
c5 Qf8 54. Qc4 Qb8 55. Qa6 Qc7 56. Qe6+ Kd8 57. Qg8+ Kd7 58. c6+ Kd6 59. Qe6+
Kc5 60. Qd7 Qd6 61. Qxd6+ Kxd6 62. Kf1 Kxd5 63. c7 Kc4 64. c8=Q+ Kb4 65. Qd7 h5
66. gxh5 g4 67. Qd4+ Kb3 1-0

[Event "HEM 2006 S"]
[Site "Marburg"]
[Date "2006.04.12"]
[Round "6.11"]
[White "Lübbers, Doris"]
[Black "Brossette, Horst"]
[Result "1/2-1/2"]
[WhiteElo "1674"]
[BlackElo "1774"]
[PlyCount "73"]
[EventDate "2006.04.08"]
[EventType "swiss"]
[EventCountry "GER"]

1. d4 Nf6 2. c4 c5 3. e3 g6 4. Nf3 Bg7 5. Be2 O-O 6. O-O b6 7. Nbd2 Bb7 8. d5
b5 9. Qb3 Qc7 10. Qxb5 Nxd5 11. cxd5 Ba6 12. Qb3 Bxe2 13. Re1 Ba6 14. Nc4 d6
15. e4 Nd7 16. Rb1 Rab8 17. Qc2 Bxc4 18. Qxc4 Rb4 19. Qe2 Rfb8 20. b3 a5 21.
Bd2 R4b5 22. Rec1 Qb7 23. Qe1 Ne5 24. Nxe5 Bxe5 25. Bxa5 Qa7 26. Bc3 Bxc3 27.
Rxc3 c4 28. Rxc4 Qxa2 29. Rc3 Qa5 30. Qc1 Qa7 31. Qd1 Rb4 32. Re3 Qb6 33. Kf1
Qa6+ 34. Kg1 Qb6 35. g3 Rd4 36. Qe1 Rb4 37. Qd1 1/2-1/2

[Event "HEM 2006 S"]
[Site "Marburg"]
[Date "2006.04.13"]
[Round "7.1"]
[White "Bittner, Friedrich"]
[Black "Escher, Helmut"]
[Result "1-0"]
[WhiteElo "2093"]
[BlackElo "2068"]
[PlyCount "75"]
[EventDate "2006.04.08"]
[EventType "swiss"]
[EventCountry "GER"]

1. e4 d5 2. exd5 Qxd5 3. Nc3 Qa5 4. Nf3 Nf6 5. d4 c6 6. Bc4 Bf5 7. Be2 Qd8 8.
O-O e6 9. Re1 Be7 10. h3 Nbd7 11. Bf4 h6 12. Bd3 Bxd3 13. Qxd3 O-O 14. Rad1 Re8
15. Ne5 Nxe5 16. Bxe5 Qb6 17. b3 Nd7 18. Ne4 Nxe5 19. dxe5 Rad8 20. Qg3 Rxd1
21. Rxd1 Rd8 22. Rxd8+ Qxd8 23. Nd6 b6 24. a4 Qd7 25. Qd3 Bxd6 26. exd6 f6 27.
b4 Kf7 28. c4 c5 29. bxc5 bxc5 30. a5 f5 31. a6 Ke8 32. Qf3 Qxd6 33. Qa8+ Qd8
34. Qxa7 Qd6 35. g3 f4 36. Qa8+ Kd7 37. a7 fxg3 38. fxg3 1-0

[Event "HEM 2006 S"]
[Site "Marburg"]
[Date "2006.04.13"]
[Round "7.2"]
[White "Czech, Ludwig"]
[Black "Claus, Jürgen"]
[Result "1/2-1/2"]
[WhiteElo "2139"]
[BlackElo "2039"]
[PlyCount "34"]
[EventDate "2006.04.08"]
[EventType "swiss"]
[EventCountry "GER"]

1. c4 Nf6 2. Nc3 d5 3. cxd5 Nxd5 4. g3 c6 5. Bg2 g6 6. Nf3 Bg7 7. d4 Qa5 8. Bd2
Nxc3 9. Bxc3 Qb6 10. O-O O-O 11. Qc2 Na6 12. a3 Be6 13. b4 Rad8 14. e3 Nc7 15.
Rfd1 Nb5 16. a4 Nxc3 17. Qxc3 a6 1/2-1/2

[Event "HEM 2006 S"]
[Site "Marburg"]
[Date "2006.04.13"]
[Round "7.4"]
[White "Schmieder, Wolfgang"]
[Black "Smits, Oswald"]
[Result "1/2-1/2"]
[WhiteElo "1978"]
[BlackElo "1905"]
[PlyCount "122"]
[EventDate "2006.04.08"]
[EventType "swiss"]
[EventCountry "GER"]

1. c4 c5 2. Nc3 Nc6 3. Nf3 e5 4. d3 Nf6 5. g3 Be7 6. Bg2 O-O 7. a3 d5 8. cxd5
Nxd5 9. Bd2 Nf6 10. O-O Bg4 11. h3 Bd7 12. Kh2 h6 13. Rc1 a6 14. Ne4 Nxe4 15.
dxe4 Qc7 16. e3 Rfd8 17. Qc2 Rac8 18. Qb1 Be6 19. Bc3 Rd7 20. Rfd1 Rcd8 21.
Rxd7 Rxd7 22. Rd1 f6 23. Nh4 Kf7 24. Qc1 Qd8 25. Rxd7 Qxd7 26. Qd2 Qxd2 27.
Bxd2 Bc4 28. Kg1 b5 29. Bf1 Be6 30. f4 Bb3 31. Bd3 c4 32. Bb1 a5 33. Nf3 b4 34.
axb4 axb4 35. f5 Na7 36. Ne1 Nb5 37. Nc2 c3 38. bxc3 Nxc3 39. Bxc3 bxc3 40. Kf2
Bc5 41. Na1 Bc4 42. Bc2 Ke7 43. Bb3 Bxb3 44. Nxb3 c2 45. Ke2 Bb4 46. Kd3 h5 47.
Kxc2 Be1 48. g4 hxg4 49. hxg4 Bb4 50. Kd3 Kd6 51. Nc1 Kc5 52. Ne2 Kc6 53. Ng3
Ba3 54. Nh5 Bf8 55. Kc4 Kd6 56. Ng3 Kc6 57. Ne2 Ba3 58. Ng1 Bc5 59. Kd3 Be7 60.
Nh3 Bd8 61. Kc4 Bb6 1/2-1/2

[Event "HEM 2006 S"]
[Site "Marburg"]
[Date "2006.04.13"]
[Round "7.5"]
[White "Böhm, Siegfried"]
[Black "Behrendt, Wolfgang"]
[Result "0-1"]
[WhiteElo "2149"]
[BlackElo "1801"]
[PlyCount "86"]
[EventDate "2006.04.08"]
[EventType "swiss"]
[EventCountry "GER"]

1. c4 c5 2. Nc3 Nc6 3. g3 g6 4. Bg2 Bg7 5. e3 d6 6. Nge2 Nf6 7. d4 cxd4 8. exd4
O-O 9. O-O a6 10. b3 Bf5 11. h3 Qc8 12. Kh2 Rb8 13. a4 Re8 14. Ba3 h6 15. f4
Qc7 16. d5 Nd8 17. Nd4 Bc8 18. Qd3 Nd7 19. Nce2 Nc5 20. Qc2 Bd7 21. Rad1 b5 22.
cxb5 axb5 23. b4 Na6 24. Qxc7 Nxc7 25. a5 Na6 26. Rc1 Kf8 27. Be4 e6 28. Nc6
Bxc6 29. dxc6 d5 30. Bd3 Re7 31. Rc2 Rc7 32. Rfc1 Ke7 33. Ng1 Kd6 34. Nf3 Rxc6
35. Rxc6+ Nxc6 36. Rb1 Bc3 37. Rb3 Bxb4 38. Bxb4+ Naxb4 39. Be2 Ra8 40. Bxb5
Rxa5 41. Bxc6 Nxc6 42. Rb7 Ra7 43. Rb2 f6 0-1

[Event "HEM 2006 S"]
[Site "Marburg"]
[Date "2006.04.13"]
[Round "7.6"]
[White "Homes, Helmut"]
[Black "Kicler, Jakob"]
[Result "0-1"]
[WhiteElo "2020"]
[BlackElo "1638"]
[PlyCount "94"]
[EventDate "2006.04.08"]
[EventType "swiss"]
[EventCountry "GER"]

1. e4 e5 2. Nf3 Nc6 3. Bb5 Nf6 4. O-O d6 5. d4 Bd7 6. Nc3 Be7 7. Re1 exd4 8.
Nxd4 Nxd4 9. Bxd7+ Qxd7 10. Qxd4 O-O 11. b3 Ng4 12. Nd5 Bd8 13. Bb2 f6 14. Qc4
Kh8 15. Rad1 Ne5 16. Qe2 c6 17. Ne3 Bc7 18. Nf5 Qe6 19. Ba3 Rfd8 20. Qd2 d5 21.
Nd4 Qf7 22. Qb4 Bd6 23. Qa4 Bc7 24. Nf5 Ng4 25. h3 Ne5 26. Qb4 Ng6 27. exd5
cxd5 28. Ne7 Bd6 29. Nxg6+ Qxg6 30. Qa4 Be5 31. Rd3 b6 32. Red1 Qf7 33. Qc6 d4
34. c4 Rac8 35. Qe4 Qc7 36. g3 g5 37. Bb2 Qc6 38. Qf5 Qd7 39. Qe4 Qc6 40. Qe2
Qc5 41. h4 h6 42. Qe4 Re8 43. Qg4 Qf8 44. hxg5 fxg5 45. Bxd4 Bxd4 46. Rxd4 Re2
47. R1d2 Qxf2+ 0-1

[Event "HEM 2006 S"]
[Site "Marburg"]
[Date "2006.04.13"]
[Round "7.7"]
[White "Weber, Siegfried"]
[Black "Becker, Günter"]
[Result "1/2-1/2"]
[WhiteElo "1758"]
[BlackElo "1669"]
[PlyCount "40"]
[EventDate "2006.04.08"]
[EventType "swiss"]
[EventCountry "GER"]

1. e4 c6 2. d4 g6 3. c3 Bg7 4. Be3 d5 5. e5 Nh6 6. f3 f6 7. exf6 exf6 8. Bd3
O-O 9. Qd2 Nf5 10. Bxf5 Bxf5 11. Ne2 Re8 12. Kf2 Nd7 13. Re1 g5 14. h3 Bg6 15.
Na3 Re6 16. Kg1 Qe7 17. Ng3 b5 18. Bf2 Rb8 19. Rxe6 Qxe6 20. Re1 Qf7 1/2-1/2

[Event "HEM 2006 S"]
[Site "Marburg"]
[Date "2006.04.13"]
[Round "7.9"]
[White "Ernst, Klaus"]
[Black "Schmieder, Horst"]
[Result "0-1"]
[WhiteElo "1596"]
[BlackElo "1777"]
[PlyCount "72"]
[EventDate "2006.04.08"]
[EventType "swiss"]
[EventCountry "GER"]

1. d4 d5 2. Nf3 Bg4 3. e3 e6 4. c4 c6 5. Nbd2 Nf6 6. h3 Bh5 7. c5 Nbd7 8. Be2
Be7 9. b4 a6 10. Bb2 O-O 11. O-O Ne4 12. Ne1 Bxe2 13. Qxe2 Nxd2 14. Qxd2 f5 15.
Nd3 Bg5 16. Bc3 h5 17. Qe2 g6 18. a4 Qe7 19. Rae1 Rae8 20. g3 Bh6 21. h4 Kh7
22. f4 Rf7 23. Kg2 Rff8 24. Ra1 Ra8 25. Rfb1 Nf6 26. Ne5 Ne4 27. Be1 Bg7 28.
Nf3 Qd7 29. b5 axb5 30. axb5 Rfc8 31. b6 Qe8 32. Qb2 Rxa1 33. Rxa1 Nxc5 34. Qc2
Ne4 35. Ra7 Rb8 36. Qxc6 Qxc6 0-1

[Event "HEM 2006 S"]
[Site "Marburg"]
[Date "2006.04.13"]
[Round "7.10"]
[White "Lübbers, Doris"]
[Black "Wohlfart, Karl-Heinz"]
[Result "0-1"]
[WhiteElo "1674"]
[BlackElo "1970"]
[PlyCount "56"]
[EventDate "2006.04.08"]
[EventType "swiss"]
[EventCountry "GER"]

1. d4 Nf6 2. c4 g6 3. Nf3 Bg7 4. e3 d6 5. Be2 O-O 6. O-O Na6 7. Nc3 c5 8. Rb1
Bf5 9. Bd3 Bd7 10. a3 Rb8 11. b3 Re8 12. Bb2 cxd4 13. exd4 e5 14. dxe5 dxe5 15.
Re1 Qc7 16. Ne4 Nxe4 17. Bxe4 Nc5 18. Bc2 Rbd8 19. h3 Bxh3 20. Qe2 Bg4 21. Qe3
Bxf3 22. Qxf3 Ne6 23. Red1 Rxd1+ 24. Qxd1 Rd8 25. Qf1 Rd2 26. Be4 Nf4 27. Bc3
Ne2+ 28. Kh1 Nxc3 0-1

[Event "HEM 2006 S"]
[Site "Marburg"]
[Date "2006.04.13"]
[Round "7.11"]
[White "Brossette, Horst"]
[Black "Hegner, Peter"]
[Result "0-1"]
[WhiteElo "1774"]
[BlackElo "1645"]
[PlyCount "65"]
[EventDate "2006.04.08"]
[EventType "swiss"]
[EventCountry "GER"]

1. d4 d5 2. c4 dxc4 3. Nf3 Nf6 4. e3 e6 5. Bxc4 c5 6. O-O cxd4 7. Nxd4 Be7 8.
b3 O-O 9. Qe2 a6 10. Nd2 b5 11. Bd3 Bb7 12. N2f3 Nbd7 13. Bb2 e5 14. Nf5 e4 15.
Rad1 exf3 16. gxf3 Qe8 17. Kh1 g6 18. Rg1 Kh8 19. Nh6 Kg7 20. Ng4 h5 21. Ne5
Nxe5 22. Bxe5 Kh7 23. Rg3 Bd8 24. Bb2 Ng4 25. e4 Ne5 26. Bb1 Bh4 27. Rg2 Rd8
28. Rxd8 Bxd8 29. f4 Ng4 30. Rxg4 hxg4 31. Qxg4 f6 32. f3 Qd7 33. Qg3 0-1

[Event "HEM 2006 S"]
[Site "Marburg"]
[Date "2006.04.14"]
[Round "8.1"]
[White "Claus, Jürgen"]
[Black "Bittner, Friedrich"]
[Result "1/2-1/2"]
[WhiteElo "2039"]
[BlackElo "2093"]
[PlyCount "31"]
[EventDate "2006.04.08"]
[EventType "swiss"]
[EventCountry "GER"]

1. d4 Nf6 2. c4 e6 3. Nc3 Bb4 4. e3 O-O 5. Nge2 b6 6. a3 Bxc3+ 7. Nxc3 Bb7 8.
d5 d6 9. Bd3 Nbd7 10. O-O c6 11. e4 Ne5 12. Be2 h6 13. f4 Ng6 14. Bf3 Qc7 15.
b3 Nh4 16. Bd2 1/2-1/2

[Event "HEM 2006 S"]
[Site "Marburg"]
[Date "2006.04.14"]
[Round "8.2"]
[White "Haftmann, Rainer"]
[Black "Czech, Ludwig"]
[Result "1/2-1/2"]
[WhiteElo "1791"]
[BlackElo "2139"]
[PlyCount "94"]
[EventDate "2006.04.08"]
[EventType "swiss"]
[EventCountry "GER"]

1. e4 e6 2. d4 d5 3. exd5 exd5 4. Nf3 Bd6 5. Bd3 Ne7 6. Bg5 f6 7. Bh4 Nf5 8.
O-O O-O 9. c4 dxc4 10. Bxc4+ Kh8 11. Nc3 Nd7 12. Ne4 Nb6 13. Bb3 c6 14. Rc1 Nd5
15. Bxd5 cxd5 16. Nxd6 Qxd6 17. Rc3 Bd7 18. Bg3 Nxg3 19. fxg3 Bg4 20. Qd2 Rfd8
21. h3 Bh5 22. g4 Bg6 23. g5 Rf8 24. gxf6 Qxf6 25. Rfc1 Rae8 26. Ne5 Bf5 27. g4
Be6 28. Rf3 Qe7 29. Rcf1 Rxf3 30. Rxf3 Rf8 31. Qg5 Qe8 32. Qh5 Kg8 33. Rxf8+
Qxf8 34. Qg5 Qf6 35. Qxf6 gxf6 36. Nf3 Kf7 37. Kf2 Kg6 38. Kg3 h5 39. Kf4 hxg4
40. hxg4 Kf7 41. g5 Bd7 42. gxf6 Kxf6 43. b4 b6 44. Ne5 Be8 45. a3 Bb5 46. Ng4+
Ke6 47. Kg5 Ba4 1/2-1/2

[Event "HEM 2006 S"]
[Site "Marburg"]
[Date "2006.04.14"]
[Round "8.4"]
[White "Behrendt, Wolfgang"]
[Black "Schmieder, Wolfgang"]
[Result "1/2-1/2"]
[WhiteElo "1801"]
[BlackElo "1978"]
[PlyCount "36"]
[EventDate "2006.04.08"]
[EventType "swiss"]
[EventCountry "GER"]

1. e4 c5 2. c3 d6 3. Nf3 Nf6 4. d3 g6 5. Be2 Bg7 6. O-O O-O 7. Qc2 Nbd7 8. h3
b6 9. Bg5 Bb7 10. Nbd2 Rc8 11. b3 Qc7 12. Rad1 h6 13. Bf4 Kh7 14. Rfe1 Ng8 15.
Nf1 e5 16. Bc1 f5 17. exf5 Rxf5 18. Ng3 Rf6 1/2-1/2

[Event "HEM 2006 S"]
[Site "Marburg"]
[Date "2006.04.14"]
[Round "8.5"]
[White "Kicler, Jakob"]
[Black "Smits, Oswald"]
[Result "0-1"]
[WhiteElo "1638"]
[BlackElo "1905"]
[PlyCount "82"]
[EventDate "2006.04.08"]
[EventType "swiss"]
[EventCountry "GER"]

1. e4 c5 2. Nf3 d6 3. Nc3 a6 4. a4 Nf6 5. Be2 e6 6. O-O Qc7 7. d4 cxd4 8. Nxd4
Be7 9. Nb3 Nbd7 10. f4 O-O 11. Be3 b6 12. g4 Bb7 13. Bd3 Nc5 14. Nxc5 dxc5 15.
g5 Nd7 16. b3 Rfe8 17. Qh5 g6 18. Qg4 Kg7 19. f5 exf5 20. exf5 Qd8 21. f6+ Nxf6
22. gxf6+ Bxf6 23. Bd2 Bd4+ 24. Rf2 Qf6 25. Raf1 h5 26. Qg5 Qf3 27. Ne4 Rxe4
28. Bxe4 Bxe4 29. Qe5+ Kg8 30. Qxe4 Qxe4 31. c3 Bxf2+ 32. Rxf2 Rd8 33. Kf1 Qh1+
34. Ke2 Re8+ 35. Be3 Qe4 36. Rf3 Qc2+ 37. Kf1 Qxc3 38. Kf2 Qc2+ 39. Kg3 h4+ 40.
Kxh4 Qxh2+ 41. Rh3 Re4+ 0-1

[Event "HEM 2006 S"]
[Site "Marburg"]
[Date "2006.04.14"]
[Round "8.6"]
[White "Weber, Siegfried"]
[Black "Christ, Anton"]
[Result "1/2-1/2"]
[WhiteElo "1758"]
[BlackElo "1664"]
[PlyCount "112"]
[EventDate "2006.04.08"]
[EventType "swiss"]
[EventCountry "GER"]

1. e4 e5 2. Nf3 d5 3. Nxe5 dxe4 4. Nc4 Bc5 5. Nc3 Nf6 6. Be2 Nc6 7. a3 a6 8.
O-O b5 9. Ne3 Nd4 10. d3 Nxe2+ 11. Nxe2 exd3 12. cxd3 O-O 13. d4 Bd6 14. Nc3
Bb7 15. Nf5 Re8 16. Bg5 Bf8 17. Qd2 Qd7 18. Ng3 Nd5 19. Rae1 f6 20. Rxe8 Rxe8
21. Be3 Nxc3 22. Qxc3 Qd5 23. f3 f5 24. Bf2 Bd6 25. Re1 Rxe1+ 26. Qxe1 Kf7 27.
Qc3 g5 28. Qd3 Kg6 29. Be1 c5 30. Bc3 g4 31. Kf2 h5 32. Qe3 Bc6 33. Ne2 gxf3
34. gxf3 Bxh2 35. Nf4+ Bxf4 36. Qxf4 cxd4 37. Bxd4 h4 38. Be3 Kf7 39. Bd4 h3
40. Qc7+ Ke6 41. Qc8+ Qd7 42. Qg8+ Kd6 43. Qh8 Kc7 44. Be5+ Kb6 45. Bf4 Qd3 46.
Be3+ Ka5 47. Qxh3 Qc2+ 48. Kg3 Qe2 49. Kf4 Ka4 50. Qg3 Qd3 51. Qf2 Kb3 52. Bd4
Kc4 53. Bc3 Kb3 54. Qe3 Kc4 55. Qxd3+ Kxd3 56. Kxf5 Bxf3 1/2-1/2

[Event "HEM 2006 S"]
[Site "Marburg"]
[Date "2006.04.14"]
[Round "8.7"]
[White "Hegner, Peter"]
[Black "Becker, Günter"]
[Result "1-0"]
[WhiteElo "1645"]
[BlackElo "1669"]
[PlyCount "73"]
[EventDate "2006.04.08"]
[EventType "swiss"]
[EventCountry "GER"]

1. e4 c6 2. d4 g6 3. Nc3 Bg7 4. f4 d5 5. e5 h5 6. h3 Nh6 7. Bd3 Bf5 8. Nf3 e6
9. Be3 Nd7 10. Qd2 h4 11. Bf2 Bxd3 12. Bxh4 Qb6 13. cxd3 Nf5 14. Bf2 Bf8 15. a3
Qb3 16. Ke2 O-O-O 17. Ng5 Nh6 18. Rhc1 Be7 19. Na2 Qb6 20. b4 Kb8 21. Rab1 Bxg5
22. fxg5 Nf5 23. Qc3 Rc8 24. Rc2 Qd8 25. Qd2 Qb6 26. Qf4 Rhf8 27. a4 Ne7 28.
Nc3 Qc7 29. Nb5 Qb6 30. Nd6 Qc7 31. Qc1 f6 32. b5 fxe5 33. bxc6 Nxc6 34. Rxc6
Rxf2+ 35. Kxf2 Rf8+ 36. Ke2 Qa5 37. Rc8+ 1-0

[Event "HEM 2006 S"]
[Site "Marburg"]
[Date "2006.04.14"]
[Round "8.8"]
[White "Schmieder, Horst"]
[Black "Böhm, Siegfried"]
[Result "0-1"]
[WhiteElo "1777"]
[BlackElo "2149"]
[PlyCount "78"]
[EventDate "2006.04.08"]
[EventType "swiss"]
[EventCountry "GER"]

1. d4 d5 2. Nf3 g6 3. e3 Bg7 4. c4 c6 5. Nc3 Nf6 6. Be2 O-O 7. O-O Nbd7 8. Ne5
e6 9. f4 b6 10. b3 Qc7 11. Ba3 Rd8 12. Qc2 Bb7 13. Rac1 dxc4 14. bxc4 c5 15.
Nb5 Qb8 16. Bf3 Bxf3 17. Rxf3 Rc8 18. Bb2 a6 19. Na3 Qb7 20. Ba1 b5 21. Qd3 b4
22. Rb1 Rd8 23. Nc2 a5 24. a3 Qe4 25. Qd1 Rab8 26. axb4 axb4 27. Rb3 Ne8 28.
Nxd7 Rxd7 29. f5 e5 30. d5 Qxc4 31. Nxb4 Rxb4 32. Rxb4 cxb4 33. fxg6 hxg6 34.
Qa4 Qxd5 35. Qxb4 Qd6 36. Qb1 Nf6 37. Rf1 Ng4 38. Qe1 e4 39. Bxg7 Qxh2# 0-1

[Event "HEM 2006 S"]
[Site "Marburg"]
[Date "2006.04.14"]
[Round "8.9"]
[White "Wohlfart, Karl-Heinz"]
[Black "Ernst, Klaus"]
[Result "1-0"]
[WhiteElo "1970"]
[BlackElo "1596"]
[PlyCount "113"]
[EventDate "2006.04.08"]
[EventType "swiss"]
[EventCountry "GER"]

1. Nf3 d5 2. g3 c5 3. Bg2 Nc6 4. d3 e5 5. O-O Bg4 6. h3 Be6 7. Nbd2 Qd7 8. Ng5
Nf6 9. e4 d4 10. Nxe6 Qxe6 11. Nc4 b5 12. Na3 Rb8 13. f4 exf4 14. gxf4 Qd7 15.
Qf3 Ne7 16. Bd2 c4 17. dxc4 bxc4 18. Nxc4 Qc7 19. b3 Ng6 20. Rae1 Bc5 21. Kh1
O-O 22. e5 Nd7 23. Qg4 f5 24. Qg3 Nb6 25. Na5 Be7 26. Nc6 Bh4 27. Qd3 Bxe1 28.
Bxe1 Rfe8 29. Qxd4 Re6 30. Nb4 Rd8 31. Qf2 a5 32. Nd3 a4 33. Nb4 axb3 34. axb3
Kf8 35. c4 Ne7 36. Na6 Qa7 37. Nc5 Rh6 38. Bb4 Qb8 39. Ba3 Nd7 40. Qf3 Nxc5 41.
Bxc5 Ra6 42. b4 Ra2 43. Rd1 Rdd2 44. Rxd2 Rxd2 45. b5 Kf7 46. Qh5+ Ng6 47.
Qxf5+ Kg8 48. Qg4 Qc7 49. Bc6 Qd8 50. Qe6+ Kh8 51. Bd6 Nxf4 52. Qe8+ Qxe8 53.
Bxe8 Nxh3 54. b6 Rb2 55. Bb5 Nf2+ 56. Kg1 Ne4 57. b7 1-0

[Event "HEM 2006 S"]
[Site "Marburg"]
[Date "2006.04.14"]
[Round "8.10"]
[White "Homes, Helmut"]
[Black "Lübbers, Doris"]
[Result "1-0"]
[WhiteElo "2020"]
[BlackElo "1674"]
[PlyCount "79"]
[EventDate "2006.04.08"]
[EventType "swiss"]
[EventCountry "GER"]

1. e4 c5 2. Nc3 d6 3. g3 Nf6 4. Bg2 e6 5. d3 Nc6 6. f4 Be7 7. Nf3 a6 8. O-O O-O
9. h3 Qc7 10. Be3 b6 11. e5 dxe5 12. Nxe5 Bb7 13. Qf3 Rac8 14. g4 Ba8 15. Qg3
Nb4 16. Bxa8 Rxa8 17. Rf2 Nbd5 18. Bd2 Rac8 19. Nxd5 Nxd5 20. g5 Bd6 21. Ng4
Ne7 22. h4 Nf5 23. Qh3 Rfd8 24. h5 Kf8 25. h6 f6 26. gxf6 g6 27. Re1 Qf7 28.
Bc3 Kg8 29. Ne5 Bxe5 30. fxe5 Rd5 31. Kh2 Rcd8 32. Rxf5 Re8 33. Rf2 Rdd8 34.
Rg2 Kh8 35. Reg1 Rg8 36. Qf3 Rdf8 37. Qc6 Rb8 38. d4 Rgc8 39. Qe4 cxd4 40. Bxd4
1-0

[Event "HEM 2006 S"]
[Site "Marburg"]
[Date "2006.04.14"]
[Round "8.11"]
[White "Roth, Reinhard"]
[Black "Brossette, Horst"]
[Result "1-0"]
[WhiteElo "1980"]
[BlackElo "1774"]
[PlyCount "81"]
[EventDate "2006.04.08"]
[EventType "swiss"]
[EventCountry "GER"]

1. e4 c5 2. Nf3 d6 3. Bc4 e6 4. O-O Nf6 5. d3 Qc7 6. c3 Nc6 7. a4 Be7 8. h3 a6
9. Be3 O-O 10. Na3 Bd7 11. Rc1 Rad8 12. Ba2 b6 13. Bb1 Qb7 14. Re1 e5 15. Nc4
b5 16. axb5 axb5 17. Ncd2 h6 18. Nf1 Be6 19. Qc2 b4 20. Qe2 Nh7 21. d4 cxd4 22.
cxd4 exd4 23. Nxd4 Nxd4 24. Bxd4 Bf6 25. Be3 Ng5 26. Ng3 d5 27. e5 Be7 28. f4
Ne4 29. Bxe4 dxe4 30. f5 Bd7 31. Qg4 g5 32. h4 Kh7 33. Qh5 Qa6 34. f6 Bxf6 35.
exf6 Qxf6 36. hxg5 Qg7 37. Nxe4 Be6 38. Nf6+ Kh8 39. Qxh6+ Qxh6 40. gxh6 Bd5
41. Bc5 1-0

[Event "HEM 2006 S"]
[Site "Marburg"]
[Date "2006.04.15"]
[Round "9.1"]
[White "Smits, Oswald"]
[Black "Bittner, Friedrich"]
[Result "0-1"]
[WhiteElo "1905"]
[BlackElo "2093"]
[PlyCount "52"]
[EventDate "2006.04.08"]
[EventType "swiss"]
[EventCountry "GER"]

1. d4 Nf6 2. c4 e6 3. Nc3 d5 4. e3 c6 5. Nf3 Nbd7 6. cxd5 exd5 7. Bd3 Bd6 8.
O-O O-O 9. Re1 Re8 10. Qc2 h6 11. h3 c5 12. dxc5 Nxc5 13. Be2 Nce4 14. Nb5 Bb8
15. Nbd4 a6 16. b3 Bd6 17. Bb2 Bd7 18. Rac1 Qe7 19. Qb1 Nxf2 20. Bxa6 Nxh3+ 21.
gxh3 Rxa6 22. Kg2 Ne4 23. Rc2 Bb8 24. Kf1 Ng3+ 25. Kf2 Bxh3 26. Rc3 Ne4+ 0-1

[Event "HEM 2006 S"]
[Site "Marburg"]
[Date "2006.04.15"]
[Round "9.2"]
[White "Haftmann, Rainer"]
[Black "Claus, Jürgen"]
[Result "0-1"]
[WhiteElo "1791"]
[BlackElo "2039"]
[PlyCount "74"]
[EventDate "2006.04.08"]
[EventType "swiss"]
[EventCountry "GER"]

1. e4 c5 2. Nf3 Nc6 3. d4 cxd4 4. Nxd4 e5 5. Nb5 a6 6. Nd6+ Bxd6 7. Qxd6 Qf6 8.
Qd1 Qg6 9. Nc3 d5 10. Nxd5 Qxe4+ 11. Ne3 Nf6 12. Bd3 Qb4+ 13. Qd2 Be6 14. a3
Qe7 15. O-O O-O 16. c3 Rfd8 17. Qe2 Rd7 18. Nf5 Qf8 19. Bg5 Bxf5 20. Bxf5 Rd6
21. f4 Re8 22. Qc2 e4 23. Bxf6 Rxf6 24. Bxe4 Qc5+ 25. Kh1 Rh6 26. Bxc6 Qh5 27.
g3 Re2 28. Qxe2 Qxe2 29. Bg2 Qh5 30. h3 Rb6 31. Rfe1 g6 32. Re8+ Kg7 33. b4 Qb5
34. Rae1 Rd6 35. R8e5 Qd3 36. R5e3 Qc2 37. Be4 Qf2 0-1

[Event "HEM 2006 S"]
[Site "Marburg"]
[Date "2006.04.15"]
[Round "9.3"]
[White "Escher, Helmut"]
[Black "Behrendt, Wolfgang"]
[Result "1-0"]
[WhiteElo "2068"]
[BlackElo "1801"]
[PlyCount "102"]
[EventDate "2006.04.08"]
[EventType "swiss"]
[EventCountry "GER"]

1. d4 d5 2. Nf3 Nf6 3. Bf4 e6 4. e3 c5 5. c3 Be7 6. Bd3 O-O 7. Nbd2 Nc6 8. h3
a6 9. O-O c4 10. Bc2 b5 11. Ne5 Bb7 12. Ndf3 Bd6 13. Bh2 Qc7 14. Re1 Nd7 15.
Nxd7 Bxh2+ 16. Nxh2 Qxd7 17. e4 dxe4 18. Bxe4 Ne7 19. Nf3 Bxe4 20. Rxe4 Ng6 21.
h4 Qd5 22. Qe2 Rfd8 23. Re1 h6 24. g4 Qd6 25. Qe3 Qe7 26. g5 hxg5 27. hxg5 Rd5
28. Ne5 Nxe5 29. dxe5 Rd3 30. Qf4 Rad8 31. Qg4 Qd7 32. g6 fxg6 33. Qxg6 Qf7 34.
Qxf7+ Kxf7 35. R1e2 Rd2 36. Kf1 R8d5 37. a3 g5 38. f4 Rxe2 39. Kxe2 gxf4 40.
Rxf4+ Kg6 41. Rf6+ Kg5 42. Rxe6 Kf5 43. Rxa6 Kxe5 44. Rh6 Kf4 45. Rh4+ Kg3 46.
Rd4 Rxd4 47. cxd4 Kf4 48. Kd2 Ke4 49. Kc3 Kd5 50. Kb4 Kxd4 51. Kxb5 Kd5 1-0